00278nam a22000737a 4500008004100000040005500041245005100096260005700147240726b |||||||| |||| 00| 0 eng d aNational Science LibrarycNational Science Library aLes statistiques: bDes legumes et des fruits  aRome: bInstitut International D'Agriculture, c1938